موسوعة علم الأحياء الدقيقة السريري / (رقم التسجيلة. 110151)

تفاصيل مارك
000 -LEADER
fixed length control field 00580nam a22001697a 4500
005 - DATE AND TIME OF LATEST TRANSACTION
control field 20251108173707.0
008 - FIXED-LENGTH DATA ELEMENTS--GENERAL INFORMATION
fixed length control field 250721s2008 xx 000 0 ara d
082 14 - DEWEY DECIMAL CLASSIFICATION NUMBER
Classification number 576/موس
100 1# - MAIN ENTRY--PERSONAL NAME
Personal name باشي, محمود أوطه
Relator term مترجم
245 10 - TITLE STATEMENT
Title موسوعة علم الأحياء الدقيقة السريري /
264 1# - PRODUCTION, PUBLICATION, DISTRIBUTION, MANUFACTURE, AND COPYRIGHT NOTICE
Place of production, publication, distribution, manufacture دمشق :
Name of producer, publisher, distributor, manufacturer دار العصماء،
Date of production, publication, distribution, manufacture, or copyright notice 2008.
650 17 - SUBJECT ADDED ENTRY--TOPICAL TERM
Topical term or geographic name as entry element الاحياا الدقيقه
700 1# - ADDED ENTRY--PERSONAL NAME
Personal name زينو, محمد يحيى
Relator term مترجم
700 1# - ADDED ENTRY--PERSONAL NAME
Personal name العائدي, عبد الرحمن
Relator term مترجم
942 ## - ADDED ENTRY ELEMENTS (KOHA)
Source of classification or shelving scheme Dewey Decimal Classification
Koha item type كتب
المقتنيات
حالة السحب حالة الفقدان مصدر التصنيف حالة التلف غير قابل للإعارة المكتبة الرئيسية المكتبة الحالية موقع الرف تاريخ التزويد الرقم المتسلسل Total Checkouts رقم الإستدعاء الباركود تاريخ آخر ظهور تاريخ الفاتورة نوع المادة (كوها)
    Dewey Decimal Classification     مكتبة مرج الحمام مكتبة مرج الحمام الإعارة 28/07/2025 1147534   576/موس 1147534 28/07/2025 28/07/2025 كتب
Implemented & Customized by: BBB with SCIT (Smart Chains for Information Technology)

Powered by Koha